[Event "Presov 2nd"]
[Site "Presov"]
[Date "2000.08.15"]
[Round "4"]
[White "Macieja, Bartlomiej"]
[Black "Manik, Mikulas"]
[Result "1/2-1/2"]
[WhiteElo "2536"]
[BlackElo "2425"]
[Annotator "Konikowski,J"]
[PlyCount "116"]
[EventDate "2000.08.12"]
[EventType "tourn"]
[EventRounds "9"]
[EventCountry "SVK"]
[EventCategory "10"]
[SourceTitle "CBM 079"]
[Source "ChessBase"]
[SourceDate "2000.11.21"]
[SourceVersion "1"]
[SourceVersionDate "2000.11.21"]
[SourceQuality "1"]

1. e4 {Hecht} c5 2. Nc3 d6 3. f4 g6 4. Nf3 Bg7 5. Bc4 e6 6. d4 cxd4 7. Nxd4 a6
(7... Ne7 8. Bb3 O-O 9. O-O Nbc6 10. Be3 Na5 11. Qd3 a6 12. Rad1 b5 13. a3 Rb8
14. Nde2 d5 15. f5 exf5 16. exd5 Nxb3 17. cxb3 Bb7 18. Nf4 Qd7 19. Bd4 Bh6 20.
Bf6 Qd6 21. Qd4 Rbd8 22. Be5 $16 {Short,N-Kolev,A/Elenite 1995/}) 8. O-O Qc7 (
8... Nc6 9. Be3 Nge7 10. f5 (10. Qd2 d5 11. exd5 exd5 12. Be2 O-O 13. Rad1 Be6
14. Bf3 Nxd4 15. Bxd4 Bxd4+ 16. Qxd4 Rc8 17. Rf2 Re8 18. Rfd2 Qc7 19. g3 (19.
Qf6 Qb6+ 20. Kh1 Qxb2 21. Nxd5 Qa3 $13) 19... h5 20. Kh1 b5 21. a3 Nf5 22. Qf2
d4 23. Ne4 Kg7 24. Re1 Bd5 $13 {Bisguier,A-Damjanovic,M/Buenos Aires 1970/})
10... exf5 11. exf5 Nxf5 12. Nxf5 Bxf5 13. g4 Ne5 14. Bxf7+ Nxf7 15. gxf5 Be5
16. Qg4 Rg8 17. Nd5 Rc8 18. Rae1 Kf8 19. f6 Rxc2 20. Rc1 Rc6 21. Ne7 Bxf6 22.
Nxc6 bxc6 23. Rxc6 Kg7 24. Rxa6 h5 25. Qf3 Rf8 26. Ra7 $18 {Gamboa,N-Dominguez
Perez,L/Santa Clara 1999/}) (8... Qb6 9. Be3 Qxb2 10. Na4 Qa3 11. Bb3 $44) 9.
Bb3 Nd7 (9... Nf6 10. Be3 O-O 11. Qf3 $36) 10. f5 Nc5 11. Bg5 $6 (11. fxg6 $142
$1 f6 (11... hxg6 12. Ndb5 $1 axb5 13. Nxb5 Qb6 14. Nxd6+ $18) 12. Qh5 (12.
gxh7 Rxh7 13. Qg4 $16) 12... hxg6 13. Qxg6+ Qf7 14. Qg3 $18) 11... Bd7 12. Kh1
Nxb3 13. axb3 Be5 14. Nf3 (14. fxe6 $5) 14... Bxc3 15. bxc3 h6 (15... e5 16.
Nd2 b5 (16... Qxc3 $2 17. Nc4 $18) 17. c4 $16) 16. Bh4 gxf5 17. exf5 e5 18. Nd2
Bb5 (18... Qxc3 $2 19. Nc4 Bc6 20. Qxd6 $18) 19. Rf2 f6 $2 (19... Ne7 $142) 20.
Ne4 O-O-O 21. Rd2 (21. c4 $5 Bc6 22. Bxf6 Nxf6 23. Nxf6 Rdf8 24. Nd5 Bxd5 25.
Qxd5 $16) 21... Bc6 22. Nxd6+ (22. Nxf6 $2 Qe7 $19) (22. Bxf6 $2 Nxf6 23. Nxf6
Rhf8 $11) 22... Kb8 23. Nc4 (23. c4 $142 $1) 23... Ne7 24. Bxf6 Bxg2+ 25. Rxg2
Rxd1+ 26. Rxd1 Rd8 27. Bxe5 $2 (27. Rxd8+ $142 $5 Qxd8 28. Bxe5+ $1 (28. Nxe5
$2 Qd1+ 29. Rg1 Qd5+ 30. Rg2 Nxf5 $19) 28... Ka8 29. Rd2 Qf8 30. f6 Nc6 31. Rf2
Qc5 32. Bg3 Nd8 33. Ne5 $18) 27... Rxd1+ 28. Rg1 Rxg1+ 29. Kxg1 Nxf5 30. Kf2 b5
31. Bxc7+ Kxc7 32. Ne3 Nd6 33. c4 bxc4 34. Nxc4 Nxc4 35. bxc4 Kc6 36. Ke3 Kc5
37. Kd3 Kb4 (37... h5 {Hecht} 38. Kc3 a5 39. h3 (39. h4 a4 $11) 39... h4 $1 40.
Kd3 a4 41. Kc3 a3 42. Kb3 a2 43. Kxa2 Kxc4 44. Kb2 {[#] Schwarz verliert, wenn
er bei Verlust seines h-Bauern den c-Bauern auf c2 oder c3 abholen muss. Kann
er den c-Bauern auf einem der Felder c4-c7 abholen, kommt sein König
rechtzeitig nach f8 zurück. Fazit: Schwarz muss zwei Ziele verfolgen. 1.
bereit sein, den Bh3 abzuholen, wenn der weiße König seinen c-Bauern einen Zug
lang blockiert; 2. bereit sein, den c-Bauern zu blockieren, wenn der c4
erreicht hat.} Kd4 (44... Kb4 45. c3+ Kc4 46. Kc2 Kc5 47. Kd3 Kd5 48. Ke3 Kc4
49. Kf4 Kxc3 50. Kg4 Kd4 51. Kxh4 Ke5 52. Kg5 Ke6 53. Kg6 Ke7 54. Kg7 $18) 45.
Kb3 (45. c3+ Ke4 46. Kb3 (46. Kc2 Kf4 $11) (46. c4 Kd4 47. Kb3 Kc5 48. Kc3 Kc6
49. Kd4 Kd6 50. Ke4 Kc5 51. Kf4 Kxc4 52. Kg4 Kd5 53. Kxh4 Ke6 54. Kg5 Kf7 55.
Kh6 Kg8 $11) 46... Kf4 47. c4 Kg3 48. c5 Kxh3 49. c6 Kg2 50. c7 h3 51. c8=Q h2
$11) 45... Ke5 $1 {[%cal Ye5g3,Ye5d6]} (45... Kc5 $2 46. Kc3 Kd5 47. Kd3 Ke5
48. Ke3 Kf5 49. Kf3 $18) 46. c4 (46. Kc4 Kf4 47. Kd4 Kg3 48. Ke4 Kxh3 49. Kf3
Kh2 50. c4 h3 51. Kf2 Kh1 52. c5 h2 53. c6 {patt}) 46... Kd6 $1 $11 {weil der
c-Bauer früher abgeholt werden kann.}) 38. Kd4 a5 39. c5 a4 40. c6 a3 41. c7 a2
42. c8=Q a1=Q+ 43. c3+ Kb3 44. Qc4+ Kc2 45. h4 (45. Qd3+ {Hecht} Kb3 {ändert
nichts, da Weiß weiterhin am Bc3 klebt.}) 45... h5 46. Qe2+ Kb3 47. Qb5+ Kc2
48. Qc4 Qa5 49. Qd3+ Kb2 50. c4 Qa7+ 51. c5 Qd7+ {'=' Hecht.} 52. Kc4 Qa4+ 53.
Kd5 Qd7+ 54. Ke4 Qe7+ 55. Kf3 Qxc5 56. Qd2+ Kb3 57. Qg5 Kc4 58. Kf4 Qd5 1/2-1/2

[Event "Belgrade GMA op"]
[Site "Belgrade"]
[Date "1988.??.??"]
[Round "?"]
[White "Kosten, Anthony C"]
[Black "Cvetkovic, Srdjan"]
[Result "1/2-1/2"]
[WhiteElo "2515"]
[BlackElo "2450"]
[Annotator "Kosten,A"]
[PlyCount "75"]
[EventDate "1988.12.??"]
[EventType "swiss"]
[EventRounds "9"]
[EventCountry "YUG"]
[SourceTitle "TD"]
[Source "ChessBase"]
[SourceDate "1994.03.01"]
[SourceVersion "1"]
[SourceVersionDate "1994.03.01"]
[SourceQuality "1"]

1. e4 c5 2. f4 e6 3. Nf3 Nc6 4. Nc3 d5 5. Bb5 Nge7 6. exd5 Nxd5 7. Ne5 Bd7 (
7... Nxc3 8. dxc3 {8.bc3} Qxd1+ 9. Kxd1 Bd7 10. Bxc6 Bxc6 11. Nxc6 bxc6 12. Be3
{Watson-Murey, Brighton 1983}) 8. Bxc6 Bxc6 9. Nxc6 bxc6 10. O-O g6 11. Qe2 Bg7
12. Ne4 Qe7 13. d3 O-O 14. c3 f5 15. Nd2 e5 16. Nc4 Rae8 17. fxe5 Bxe5 18. Qf2
f4 19. Bd2 Ne3 20. Nxe3 fxe3 21. Qxe3 Bxh2+ 22. Kxh2 Qxe3 23. Rxf8+ Kxf8 24.
Rf1+ Kg7 25. Bxe3 Rxe3 26. Rf4 Rxd3 27. Ra4 Rd7 28. Ra5 c4 29. Rc5 Rb7 30. Rxc6
Rxb2 31. Rc7+ Kh6 32. a4 Ra2 33. Rxc4 Kg5 34. Rc5+ Kg4 35. Ra5 h5 36. Rxa7 Ra3
37. c4 Rc3 38. Rc7 1/2-1/2

[Event "Olympiad-23"]
[Site "Buenos Aires"]
[Date "1978.11.07"]
[Round "12"]
[White "Gulko, Boris F"]
[Black "Kuligowski, Adam"]
[Result "1/2-1/2"]
[WhiteElo "2575"]
[BlackElo "2325"]
[Annotator "Kuligowski,A"]
[PlyCount "84"]
[EventDate "1978.10.25"]
[EventType "team-swiss"]
[EventRounds "14"]
[EventCountry "ARG"]
[SourceTitle "EXT 2002"]
[Source "ChessBase"]
[SourceDate "2001.11.25"]
[SourceVersion "1"]
[SourceVersionDate "2001.11.25"]
[SourceQuality "1"]
[WhiteTeam "Soviet Union"]
[BlackTeam "Poland"]
[WhiteTeamCountry "URS"]
[BlackTeamCountry "POL"]

{Inf.26/324} 1. e4 c5 2. Nc3 d6 3. f4 g6 4. d4 cxd4 5. Qxd4 Nf6 6. e5 Nc6 7.
Bb5 dxe5 8. Qxd8+ Kxd8 9. fxe5 Nxe5 10. Bf4 Ned7 11. O-O-O a6 12. Bc4 e6 13. a4
$1 $44 h6 $5 (13... Ng4 14. Nh3 Bh6 15. Ng5 $1 $16) 14. Nf3 Bb4 15. Ne5 Ke7 16.
Rhf1 (16. Bxe6 Kxe6 $5) 16... Rh7 {[/\ Nxe5]} 17. Nxd7 $15 Bxd7 18. Na2 Bc5 19.
b4 g5 $1 20. bxc5 $1 (20. Bd2 Bd6 (20... Bd4) 21. Bd3 Rhh8 22. Bc3 Ng4 $17)
20... gxf4 21. Rxf4 Bc6 22. g3 Nd7 23. Bd3 Rg7 24. Nb4 Bxa4 25. Nxa6 Bc6 (25...
Bxc2 $1 $17) 26. Nb4 Ra1+ 27. Kd2 Rxd1+ 28. Kxd1 Nxc5 29. Nxc6+ bxc6 30. Rh4
Nxd3 31. cxd3 $15 Rg6 32. Kd2 c5 33. Ke3 Kd6 34. Rf4 f5 35. Ra4 h5 36. Rh4 Rh6
37. Kf4 Kd5 38. Kf3 Rh8 39. Ke3 Rh7 40. Ke2 Rh8 41. Ke3 Rh6 42. Ke2 e5 1/2-1/2

[Event "ISR-chT"]
[Site "Israel"]
[Date "2002.05.10"]
[Round "3"]
[White "Tseitlin, Mark D"]
[Black "Kundin, Alexander"]
[Result "0-1"]
[WhiteElo "2511"]
[BlackElo "2410"]
[Annotator "Kundin,A"]
[PlyCount "42"]
[EventDate "2002.01.10"]
[EventType "team"]
[EventRounds "11"]
[EventCountry "ISR"]
[SourceTitle "CBM 088"]
[Source "ChessBase"]
[SourceDate "2002.03.21"]
[SourceVersion "1"]
[SourceVersionDate "2002.03.21"]
[SourceQuality "1"]

1. e4 c5 2. Nc3 Nc6 3. Bb5 Nd4 4. Ba4 Qa5 $5 (4... a6 5. d3 e6 6. Nf3 b5 7. Bb3
Nxb3 8. axb3 Bb7 9. O-O d6 10. Bg5 $14 {1/2-1/2 Tiviakov,S-Cherniaev,A/Port
Erin 2001/CBM 84 ext (57)}) 5. Nf3 b5 6. Nxd4 cxd4 $146 {A move which leads to
a very interesting position where white has a rook for two pieces and probably
a very strong compensation.} (6... bxa4 7. Nde2 Bb7 8. O-O e6 9. d3 $14 {
1/2-1/2 Tiviakov,S-Van der Weide,K/Leeuwarden 2001/CBM 84 (70)}) 7. b4 (7. Nxb5
Qxa4 (7... a6 8. b4 Qxa4 9. Nc7+ Kd8 10. Nxa8 Qc6 11. d3 Bb7 (11... Qxa8 12.
Bb2 e5 (12... Qa7 13. Qh5 $16) 13. O-O Bxb4 14. Qh5 $40) (11... g6 12. Qf3 (12.
Bb2 Bg7 $13) 12... f6 (12... Qc3+ 13. Ke2 Qxa1 14. Qxf7 Nh6 (14... Nf6 15. Bf4)
15. Bxh6 Qc3 16. Bxf8 Qxc2+ 17. Kf3 Qxd3+ 18. Kf4 g5+ 19. Kxg5 Qxe4 20. Qxe7+
Qxe7+ 21. Bxe7+ Kxe7 22. Nb6 $16) 13. O-O Bb7 (13... Qxa8 14. Bb2 e5 15. c3 $16
) 14. Bb2 e5 15. a3 Bxa8 16. c3 $36) 12. Bb2 (12. O-O Bxa8 13. Bb2 Qb6 $13)
12... e5 13. O-O Bxa8 14. f4 $36) 8. Nc7+ Kd8 9. Nxa8 d3 (9... Qc6 10. d3 Bb7 (
10... Qxa8 11. Qh5 $16) 11. Qh5 $16) 10. Qf3 (10. cxd3 Qxd1+ 11. Kxd1 Bb7 $14)
10... dxc2 11. d3 $16) 7... Qxb4 $6 (7... Qb6 8. Nxb5 a6 9. Na3 Qxb4 10. Bb3
$14) (7... Qa6 8. Nxb5 (8. Bxb5 Qb7 9. Nd5 e6 10. Ba6 Qc6 11. b5 Qd6 12. Ba3
Qe5 13. Bxf8 Kxf8 14. Bxc8 Rxc8 15. Nb4 Qxe4+ 16. Kf1 Nf6 $15) 8... Qxa4 9.
Nc7+ Kd8 10. Nxa8 Bb7 11. d3 Bxa8 12. O-O $44) 8. Rb1 $4 {That natural move
instantly loses the game.} (8. Nxb5 Qxa4 9. Nc7+ Kd8 10. Nxa8 Qc6 (10... d3 $2
11. cxd3 Qxd1+ 12. Kxd1 Bb7 13. Rb1 Kc8 14. Bb2 Bxa8 15. Ke2 Bc6 16. Rhc1 $18 {
[%csl Gc8]}) 11. d3 Qxa8 12. Qh5 $40 {Black is too behind in development and
invasion over the b-file looks inevitable.}) 8... Qa5 9. Rxb5 (9. Nxb5 a6 $1
$19) (9. Nd5 bxa4 10. Rb5 Qd8 11. Rc5 d6 12. Nc7+ Kd7 13. Rc4 Rb8 $19) 9... Qa6
10. Nd5 Qxa4 $19 11. Qh5 Qxc2 12. O-O Nf6 13. Nxf6+ exf6 (13... gxf6 $19) 14.
Bb2 Be7 (14... Ba6 15. Rc1 Qxe4 16. d3 Qxd3 17. Qd5 Rc8 18. Re1+ Be7 19. Qd6
O-O 20. Qxa6 Bb4 21. Rf1 Rfe8 $19) 15. Rc1 Qxe4 16. d3 Qe6 17. Kf1 O-O 18. Re1
Qd6 19. Rb3 Ba6 20. Qa5 (20. Ba3 Bxd3+ $1 21. Rxd3 (21. Kg1 Qxa3 22. Rxa3 Bxa3
$19) 21... Qa6 $19) 20... Bd8 21. Qa4 Qxh2 {The productive queen has made 10
of the game's 21 moves - but it has eaten the entire white army through the
way.} 0-1

[Event "ESP-chT"]
[Site "Salamanca"]
[Date "1998.09.13"]
[Round "9"]
[White "Romero Holmes, Alfonso"]
[Black "Lautier, Joel"]
[Result "0-1"]
[WhiteElo "2485"]
[BlackElo "2630"]
[Annotator "Lautier,J"]
[PlyCount "80"]
[EventDate "1998.09.05"]
[EventType "team"]
[EventRounds "9"]
[EventCountry "ESP"]
[SourceTitle "EXT 1999"]
[Source "ChessBase"]
[SourceDate "1998.11.16"]
[SourceVersion "1"]
[SourceVersionDate "1998.11.16"]
[SourceQuality "1"]

1. e4 c5 2. Nc3 a6 3. Nge2 d6 4. g3 Nc6 5. Bg2 e6 6. O-O Nf6 7. d3 Be7 8. Kh1 (
8. f4 $142 O-O 9. h3) 8... Qc7 {/\ b5} 9. f4 b5 10. a3 Bb7 11. Be3 O-O (11...
d5 $2 12. exd5 exd5 13. Nxd5 Nxd5 14. Bxd5 Nd4 15. Nc3 $16) 12. Bg1 (12. h3
Rfd8 13. g4 d5 14. exd5 (14. g5 $6 d4 $15) 14... exd5 (14... Nxd5 15. Nxd5 exd5
16. d4 $13) 15. d4 $13) 12... Rfd8 $5 (12... b4 $6 13. axb4 cxb4 14. Na4 Nd7
15. c3 $14) (12... Na7 13. h3 a5 14. g4 b4 15. Nb1 $1 $14 Nb5 $6 16. a4 $36)
13. h3 $6 (13. f5 $1 Re8 (13... d5 $2 14. fxe6 fxe6 15. Nf4 $16) (13... e5 14.
g4 $5 Nxg4 $6 15. Nd5 Qb8 16. Ng3 Nf6 17. Nh5 $40) (13... exf5 14. Rxf5 $14)
14. Nf4 Bf8 (14... b4 15. axb4 cxb4 16. Na4 exf5 17. Nb6 Rab8 18. Nfd5 $36) 15.
g4 $13) 13... d5 14. e5 (14. exd5 exd5 15. d4 cxd4 (15... Ne4 $2 16. Nxd5 $16)
16. Nxd4 Ne4 $1 $132) 14... Nd7 15. g4 (15. d4 cxd4 16. Nxd4 Nxd4 (16... Rac8
17. Nce2 $1) 17. Bxd4 Nc5 $11 {/\ Ne4}) 15... d4 16. Ne4 c4 17. N2g3 (17. dxc4
$6 bxc4 18. Nxd4 Nc5 19. Ng3 (19. Nxc5 Bxc5 20. c3 Nxd4 21. cxd4 Bxg2+ 22. Kxg2
Qb7+ 23. Kg3 Qxb2 $17) 19... Nxd4 20. Bxd4 Nd3 21. cxd3 Rxd4 $15) 17... Nc5 18.
g5 $2 (18. Nxc5 $1 Bxc5 19. Qe2 (19. g5 Ne7 $1 $15) (19. Ne4 Bf8 20. g5 Ne7 $15
) 19... Na5 20. Be4 $13 (20. f5 $6 Bxg2+ 21. Kxg2 Rd5 22. Rae1 cxd3 23. cxd3
Nc6 $15)) 18... Na5 (18... Nxe4 19. Bxe4 $1 (19. Nxe4 Bf8 $1 $15 {/\ Ne7-f5})
19... Na5 (19... Bf8 20. Qh5 g6 21. Qf3 $14 {/\ h4-h5}) 20. Qf3 $13) 19. Nxc5 (
19. Qg4 $2 cxd3 20. cxd3 Nxd3 $1 (20... Nab3 21. Rad1 Nxe4 22. Nxe4 Rac8 (22...
Nc5 23. Nxc5 Bxg2+ 24. Qxg2 Qxc5 25. Rc1 $14) 23. h4 Nc5 24. Nxc5 Bxg2+ 25.
Qxg2 Qxc5 26. Qe4 $11) 21. Rad1 Nxb2 22. Rxd4 Nac4 $17) (19. Qe2 cxd3 20. cxd3
Nab3 21. Rad1 Rac8 $15) 19... Bxg2+ 20. Kxg2 Qxc5 21. Ne4 Qd5 $15 22. Qf3 Rac8
23. h4 (23. Rf2 c3 $1 24. b4 (24. bxc3 dxc3 $15 {/\ Nc6-d4}) (24. b3 Nxb3 $1
25. cxb3 Qxb3 $15 {/\ c2, Ba3}) 24... Nc6 25. h4 a5 26. bxa5 Ra8 $1 $15) 23...
cxd3 24. cxd3 Rc2+ 25. Rf2 Qb3 $1 26. Rxc2 (26. Raf1 Rxb2 $17) 26... Qxc2+ 27.
Bf2 Nb3 28. Rh1 (28. Rd1 Qxb2 29. h5 Qxa3 $17 {/\ Nc5}) 28... Qxb2 (28... Nc1
$6 29. Rh3 Qxb2 30. h5 Qe2 31. Qg3 $15) 29. g6 hxg6 30. h5 Nd2 $1 31. Nxd2 Qxd2
32. hxg6 $2 $138 (32. Qb7 $8 Bxa3 $1 33. hxg6 Rf8 $1 34. Rh4 (34. Qxa6 Qxd3 35.
gxf7+ Rxf7 36. Qxe6 Qe4+ $17) 34... fxg6 35. Qxa6 Qa2 36. Qxb5 g5 $1 $17) 32...
fxg6 $19 33. Rd1 Qc2 34. Kh3 Kf7 35. Kg4 Rh8 36. Bg3 a5 37. Qf1 Rc8 38. Qh1
Qe2+ 39. Qf3 Qxf3+ 40. Kxf3 Bxa3 0-1

[Event "Tata Steel-B 74th"]
[Site "Wijk aan Zee"]
[Date "2012.01.15"]
[Round "2"]
[White "Vocaturo, Daniele"]
[Black "Cmilyte, Viktorija"]
[Result "1-0"]
[WhiteElo "2545"]
[BlackElo "2503"]
[Annotator "Let's Check"]
[PlyCount "121"]
[EventDate "2012.01.14"]
[EventType "tourn"]
[EventRounds "13"]
[EventCountry "NED"]
[EventCategory "15"]
[SourceTitle "CBM 147"]
[Source "ChessBase"]
[SourceDate "2012.03.16"]
[SourceVersion "1"]
[SourceVersionDate "2012.03.16"]
[SourceQuality "1"]

1. e4 c5 2. Nc3 Nc6 3. Bb5 Nd4 4. Bc4 Nf6 5. Nge2 a6 6. d3 b5 7. Bb3 e6 8. O-O
Nc6 9. Ng3 Be7 10. Bg5 h6 11. Bxf6 Bxf6 12. f4 Bd4+ 13. Kh1 O-O 14. Qh5 Kh7 15.
e5 d5 16. exd6 f5 17. Rae1 Qxd6 18. Nce4 fxe4 19. Nxe4 g6 20. Qh3 Qc7 21. Bxe6
Kg7 22. c3 Bxe6 23. Qxe6 Rae8 24. Qg4 h5 25. Qh4 Ne7 26. cxd4 Nf5 27. Qf2 cxd4
28. Rc1 Qd7 29. Rc5 Rc8 30. Rfc1 Rxc5 31. Nxc5 Qc6 32. Nb3 Qd6 33. g3 h4 34.
Kg1 hxg3 35. hxg3 Re8 36. Nd2 Ne3 37. Qf3 Qd7 38. Ne4 Rc8 39. Rc5 Qb7 $6 (39...
a5 40. Rxc8 Qxc8 $11) 40. b4 $18 Rxc5 41. bxc5 Qd5 42. Qe2 Kf8 43. Qh2 Qh5 44.
Qxh5 gxh5 45. Nd6 Ke7 46. Kf2 Ke6 47. Ke2 Kd5 48. Ne4 b4 49. Kd2 a5 50. Kc1 a4
51. Kb1 a3 52. Nf6+ Kxc5 53. Nxh5 b3 54. axb3 Kb4 55. Ka2 Nd5 $2 (55... Kc3 56.
Ng7 Kxd3 $14) 56. f5 $18 Nc3+ 57. Ka1 Nd1 58. Ng7 Kxb3 59. Ne6 Ne3 60. Nxd4+
Kc3 61. f6 1-0

[Event "Vinkovci"]
[Site "Vinkovci"]
[Date "1993.??.??"]
[Round "10"]
[White "Sax, Gyula"]
[Black "Palac, Mladen"]
[Result "1-0"]
[WhiteElo "2515"]
[BlackElo "2485"]
[Annotator "Lisenko"]
[PlyCount "28"]
[EventDate "1993.12.??"]
[EventType "tourn"]
[EventRounds "11"]
[EventCountry "CRO"]
[EventCategory "10"]
[SourceTitle "CBM 039"]
[Source "ChessBase"]
[SourceDate "1994.04.01"]
[SourceVersion "1"]
[SourceVersionDate "1994.04.01"]
[SourceQuality "1"]

1. e4 c5 2. Nc3 Nc6 3. Nge2 Nf6 (3... e6 4. d4 d5 $6 (4... cxd4 5. Nxd4 Nf6 $14
) 5. exd5 exd5 6. dxc5 Nf6 7. Be3 Bg4 8. h3 Bxe2 9. Qxe2 Be7 10. O-O-O O-O 11.
Qb5 $16 {Tischbierek,R-Cvitan,O /Warszawa/1991/ 1:0 (25)}) (3... e5 4. Nd5 Nge7
5. Nec3 Nxd5 6. Nxd5 Be7 7. g3 $5 (7. Bc4) 7... d6 8. Bg2 h5 $1 9. h4 Be6 (9...
Bg4 $5 10. f3 Be6) 10. d3 Bxd5 11. exd5 Nb8 12. f4 Nd7 13. O-O (13. f5 $14)
13... g6 14. Rb1 (14. f5 $14) 14... f5 $10 {Fischer,R-Spassky,B Beograd (m/19)
1992 0,5 (84) Inf 55/161/}) 4. d4 (4. g3 d5 5. exd5 Nxd5 6. Bg2 Nxc3 7. bxc3 g6
8. O-O Bg7 9. Rb1 Qa5 10. d3 O-O 11. Be3 c4 $10 {Frolov,A-Kharlov,A /SSSR(ch)
1991/0:1 (46)}) 4... d5 $6 (4... cxd4 $5) 5. exd5 Nxd5 6. dxc5 Ndb4 $2 (6... e6
7. Nxd5 exd5 8. Be3 Bg4 9. f3 Be6 10. Nd4 $16) 7. a3 Bf5 8. axb4 Nxb4 9. Nf4 $1
$18 Qxd1+ (9... Nxc2+ 10. Qxc2 $1 Bxc2 11. Bb5+ $18) 10. Kxd1 O-O-O+ 11. Nd3 e5
12. Bd2 Nxd3 13. Bxd3 Bxd3 14. cxd3 Bxc5 1-0

[Event "Olympiad-32"]
[Site "Yerevan"]
[Date "1996.09.18"]
[Round "3.2"]
[White "Iuldachev, Saidali"]
[Black "De Firmian, Nick E"]
[Result "1-0"]
[WhiteElo "2515"]
[BlackElo "2575"]
[Annotator "Makarichev,S"]
[PlyCount "65"]
[EventDate "1996.09.15"]
[EventType "team-swiss"]
[EventRounds "14"]
[EventCountry "ARM"]
[SourceTitle "CBM 055"]
[Source "ChessBase"]
[SourceDate "1996.12.01"]
[SourceVersion "1"]
[SourceVersionDate "1996.12.01"]
[SourceQuality "1"]
[WhiteTeam "Uzbekistan"]
[BlackTeam "US of America"]
[WhiteTeamCountry "UZB"]
[BlackTeamCountry "USA"]

1. e4 c5 2. Nc3 d6 3. f4 Nc6 4. Nf3 g6 5. Bb5 Bd7 6. O-O Bg7 7. d3 Nf6 8. Bxc6
(8. Qe1 Nd4 $10 {Rublevsky,S-Anapolsky,S/Dujsburg/1992/}) 8... bxc6 $2 {N/} (
8... Bxc6 9. Qe1 e6 10. f5 Qb6 $132 {Smyslov,V-Polugaevsky,L/URS-ch/1973/} 11.
fxe6 fxe6 12. e5 dxe5 13. Nxe5 O-O 14. Nc4 Qd8 15. Qxe6+ Kh8 $132) 9. Qe1 O-O
10. b3 $5 (10. Qh4 $14) 10... Ne8 11. Bd2 $1 (11. Bb2 Qa5 $5 12. Nd5 $142 $4 (
12. e5 $1 $14) 12... Qxe1 13. Nxe7+ Kh8 14. Bxg7+ Kxg7 15. Raxe1 Kf6 $19) 11...
Nc7 12. Qh4 $14 f5 (12... e6 13. Qxd8 Raxd8 14. e5 $16 {xc5/}) 13. Rae1 fxe4 (
13... Bf6 $2 14. Ng5 $16) 14. Nxe4 $16 h6 15. Ba5 $1 Rc8 (15... Rf7 $2 16. Nxd6
$1 $18) 16. Re2 Be8 {xg6/} 17. Rfe1 Qd7 18. Bc3 $1 $18 e6 19. Bxg7 Kxg7 20. c4
$1 {xd5/} Qd8 21. Qg3 Qe7 22. f5 $1 e5 $8 23. Nh4 g5 24. f6+ Rxf6 25. Nxf6 Qxf6
26. Rf2 Qe6 27. Ref1 Rd8 28. Qf3 Bd7 (28... gxh4 29. Qf8+ Kh7 30. Rf7+ $1) 29.
Qf7+ Qxf7 30. Rxf7+ Kg8 31. Ng6 Ne6 32. Ne7+ Kh8 33. R1f6 1-0

[Event "Budapest Krenosz Memorial"]
[Site "Budapest"]
[Date "1976.06.19"]
[Round "4"]
[White "Meleghegyi, Csaba"]
[Black "Szilagyi, Gyorgy"]
[Result "1-0"]
[WhiteElo "2360"]
[BlackElo "2380"]
[Annotator "Marszalek"]
[PlyCount "71"]
[EventDate "1976.06.16"]
[EventType "tourn"]
[EventRounds "15"]
[EventCountry "HUN"]
[SourceTitle "EXT 2021"]
[Source "ChessBase"]
[SourceDate "2020.10.23"]
[SourceVersion "1"]
[SourceVersionDate "2020.10.23"]
[SourceQuality "1"]

1. e4 c5 2. f4 e6 3. Nf3 Nc6 (3... d5 4. Bb5+ Bd7 5. Bxd7+ Nxd7 6. d3 Bd6 $11 {
Zinn-Naranja,1968}) 4. Nc3 d5 5. Bb5 Nge7 6. exd5 exd5 $2 (6... Nxd5 7. Ne5 Bd7
8. Bxc6 Bxc6 9. Nxc6 bxc6 10. O-O {Smyslov-Olafsson,1957}) 7. Qe2 $1 Bg4 8. O-O
(8. Bxc6+ bxc6 9. O-O Qd6 10. b3 c4 11. bxc4 Qc5+ 12. Kh1 Qxc4 13. Qe1 f6 14.
d3 Qc5 15. Rb1 Kf7 16. Rb3 $16 {Zinn-Doda,1968}) 8... Qd7 $6 9. Na4 $1 b6 10.
c3 O-O-O 11. d4 c4 $2 (11... cxd4 $142 12. cxd4 Kb7 $13) 12. b3 $16 Qe6 13. Qf2
$5 (13. Qxe6+ Bxe6 14. Ng5 $16) 13... Bxf3 14. Qxf3 cxb3 15. Ba6+ Kd7 16. axb3
f5 17. Bb2 $18 Kc7 18. Rfe1 Qf7 19. c4 Nb4 20. Nc3 Kb8 21. c5 (21. Ra4) 21...
Nc8 22. Nb5 Nxa6 23. Rxa6 Qb7 24. Nxa7 $1 Qxa6 25. Nc6+ Kc7 26. Nxd8 Kxd8 27.
Qxd5+ Kc7 28. Re8 Kb8 29. Qe5+ Kb7 30. Qe6 Kb8 31. c6 Ba3 32. Rxh8 Bxb2 33. h3
Bxd4+ 34. Kh2 Bf6 35. Qd6+ Ka8 36. Qc7 1-0